Il deserto del sesso : romanzo /

Gespeichert in:
Bibliographische Detailangaben
1. Verfasser: Rèpaci, Leonida (Verfasst von)
Format: Buch
Sprache:Italienisch
Veröffentlicht: Torino : Letteratura d'amore, c1969
Tags: Tag hinzufügen
Keine Tags, Fügen Sie das erste Tag hinzu!

MARC

LEADER 00000nam a22000007i 4500
001 IT\ICCU\LIA\0036012
003 ItRI
005 20260115232436.0
008 930512s1969 it |||||| ||||| |||||c
040 |b ita  |c importazione bologna sebina 
041 7 |a ita  |2 ISO-639-2 
100 1 |a Rèpaci, Leonida  |0 IT\ICCU\CFIV\010601  |4 aut 
240 1 3 |a Il deserto del sesso  |3 IT\ICCU\CAG\2096123  |9 Rèpaci, Leonida 
245 1 3 |a Il deserto del sesso :  |b romanzo /  |c Leonida Repaci. 
260 |a Torino :  |b Letteratura d'amore,  |c c1969 
300 |a 222 p. ;  |c 18 cm. 
752 |a it   |d Torino 
942 |2 ddc  |c BK  |n 0 
952 |0 0  |1 0  |4 0  |6 DOC_853_914000000000000_REP  |7 0  |9 25823  |a BO  |b BO  |d 2026-01-15  |i 908  |l 0  |o DOC 853.914 REP  |p BO908  |r 2026-01-15 23:24:36  |w 2026-01-15  |x [Sebina 5] [1 v.]  |y BK  |z 1 v. 
999 |c 21896  |d 21896